Central Library OPAC University of Rajshahi

Solar energy : (Record no. 8389)

MARC details
000 -LEADER
fixed length control field 00831nam a2200265Ka 4500
001 - CONTROL NUMBER
control field 8389
003 - CONTROL NUMBER IDENTIFIER
rucl marc code BD-RjUL
005 - DATE AND TIME OF LATEST TRANSACTION
control field 20211208234559.0
008 - FIXED-LENGTH DATA ELEMENTS--GENERAL INFORMATION
fixed length control field 140119s1984 ii a 001 0 eng d
020 ## - INTERNATIONAL STANDARD BOOK NUMBER
International Standard Book Number 0074624539
035 ## - SYSTEM CONTROL NUMBER
System control number (BD-RjUL)8434
-- (OCoLC)293040608
040 ## - CATALOGING SOURCE
Original cataloging agency SISPL
Transcribing agency SISPL
Modifying agency MYG
-- BD-RjUL
Language of cataloging eng
041 ## - LANGUAGE CODE
Language code of text/sound track or separate title eng
082 00 - DEWEY DECIMAL CLASSIFICATION NUMBER
Author mark and year SUS 1984
Edition number 20
Classification number 621.47
100 1# - MAIN ENTRY--PERSONAL NAME
Personal name Sukhatme, S. P.
9 (RLIN) 26121
245 10 - TITLE STATEMENT
Title Solar energy :
Remainder of title principles of thermal collection and storage /
Statement of responsibility, etc. by Suhas P. Suhkatme
250 ## - EDITION STATEMENT
Edition statement 2nd ed.
260 ## - PUBLICATION, DISTRIBUTION, ETC. (IMPRINT)
Place of publication, distribution, etc. New Delhi :
Name of publisher, distributor, etc. Tata McGraw-Hill,
Date of publication, distribution, etc. c2008.
300 ## - PHYSICAL DESCRIPTION
Pagination xxii, 424 p. :
Illustrations ill. ;
Size 23 cm.
504 ## - BIBLIOGRAPHY, ETC. NOTE
Bibliography, etc Includes indexes.
650 #0 - SUBJECT ADDED ENTRY--TOPICAL TERM
Topical term or geographic name as entry element Solar energy.
9 (RLIN) 13626
Topical term or geographic name as entry element Solar energy
General subdivision Mathematical models.
9 (RLIN) 26122
Topical term or geographic name as entry element Energy storage
General subdivision Mathematical models.
9 (RLIN) 26123
942 ## - ADDED ENTRY ELEMENTS (KOHA)
Source of classification or shelving scheme Dewey Decimal Classification
Koha item type Books
Holdings
Lost status Source of classification or shelving scheme Damaged status Not for loan Collection code Permanent Location Current Location Shelving location Date acquired Source of acquisition Cost, normal purchase price Total Checkouts Full call number Date last seen Copy number Koha item type
  Dewey Decimal Classification     Non-fiction Central Library, University of Rajshahi Central Library, University of Rajshahi   30/03/1998 Dhaka Ahsania Misson Book ins. House 146.40   621.47 SUS 1984 18/01/2014 C-8 Books
  Dewey Decimal Classification     Non-fiction Central Library, University of Rajshahi Central Library, University of Rajshahi   02/04/2000 Dhaka lucky syndicate 125.00   621.47 SUS 1984 01/09/2016 C-1 Books
  Dewey Decimal Classification     Non-fiction Central Library, University of Rajshahi Central Library, University of Rajshahi   02/04/2000 Dhaka lucky syndicate 125.00   621.47 SUS 1984 01/09/2016 C-2 Books
  Dewey Decimal Classification     Non-fiction Central Library, University of Rajshahi Central Library, University of Rajshahi   02/04/2000 Dhaka lucky syndicate 125.00   621.47 SUS 1984 01/09/2016 C-3 Books
  Dewey Decimal Classification     Non-fiction Central Library, University of Rajshahi Central Library, University of Rajshahi   02/04/2000 Dhaka lucky syndicate 125.00   621.47 SUS 1984 01/09/2016 C-4 Books
  Dewey Decimal Classification     Non-fiction Central Library, University of Rajshahi Central Library, University of Rajshahi   02/04/2000 Dhaka lucky syndicate 125.00   621.47 SUS 1984 01/09/2016 C-5 Books
  Dewey Decimal Classification     Non-fiction Central Library, University of Rajshahi Central Library, University of Rajshahi   02/04/2000 Dhaka lucky syndicate 125.00   621.47 SUS 1984 01/09/2016 C-6 Books
  Dewey Decimal Classification     Non-fiction Central Library, University of Rajshahi Central Library, University of Rajshahi   02/04/2000 Lucky Syndicate, Dhaka 125.00   621.47 SUS 1997 06/10/2016 C-7 Books